000 01295cam a2200337 a 4500
999 _c8350
_d8350
001 15991353
003 GZU
005 20210519122241.0
008 091120s2011 caua 001 0 eng
010 _a 2009941953
020 _a9781439046951
040 _aDLC
_cDLC
_dDLC
042 _apcc
050 0 0 _aQA152.2
_bAUF 2011
082 0 0 _a512.9
_223
100 1 _aAufmann, Richard N.
245 1 0 _aAlgebra :
_bintroductory and intermediate /
_cRichard N. Aufmann, Joanne S. Lockwood.
250 _a5th ed.
260 _aBelmont, CA :
_bBrooks/Cole, Cengage Learning,
_cc2011.
300 _a1 v. (various pagings) :
_bill. (some col.) ;
_c28 cm.
500 _aIncludes index.
650 0 _aAlgebra.
700 1 _aLockwood, Joanne S.
856 4 2 _3Publisher description
_uhttp://www.loc.gov/catdir/enhancements/fy1212/2009941953-d.html
856 4 1 _3Table of contents only
_uhttp://www.loc.gov/catdir/enhancements/fy1212/2009941953-t.html
856 4 2 _3Contributor biographical information
_uhttp://www.loc.gov/catdir/enhancements/fy1303/2009941953-b.html
906 _a7
_bcbc
_corigcop
_d3
_eepcn
_f20
_gy-gencatlg
942 _2lcc
_cBK
_e5th ed.
_h152.2
_iAUF
_kQA